Cultura, política y sociedad: perspectivas latinoamericanas /

Saved in:
Bibliographic Details
Main Author: Mato, Daniel
Other Authors: comp
Format: Text
Published: Buenos Aires: CLACSO
Subjects:
Tags: Add Tag
No Tags, Be the first to tag this record!

MARC

LEADER 00000 a a2200000 04500
001 32485
003
040
020 |a 987-1183-27-5  
090 |a 202508  
100 |a Mato, Daniel  
245 |a Cultura, política y sociedad: perspectivas latinoamericanas /  |c Daniel Mato  
260 |a Buenos Aires:   |b CLACSO  
300 |a 504 p.  
650 |a CONFLICTOS SOCIALES  
650 |a DERECHOS HUMANOS  
650 |a PLURALISMO CULTURAL  
650 |a AMERICA LATINA  
650 |a AMERICA DE SUR  
700 |a comp.  
999 |c 7390  |d 7390